Growing Cities in the Czech Republic - Statistics

General Stats
  • This quiz has been taken 24 times
  • The average score is 4 of 5
Answer Stats
Population Population Gained City % Correct
1,301,432 32,636 Prague
100%
398,510 12,597 Brno
87%
174,007 3,685 Pilsen
65%
95,664 1,949 Ceske Budejovice
57%
106,063 5,060 Olomouc
57%
No matching quizzes found
Score Distribution
Percent of People with Each Score
Percentile by Number Answered
Your Score History
You have not taken this quiz